[Event "FRA-ch U12 Girls"]
[Site "Le Grand Bornand"]
[Date "2007.04.??"]
[Round "1"]
[White "Pouillart, Cecile"]
[Black "Hideur, Celine"]
[Result "1-0"]
[WhiteElo "1600"]
[BlackElo "1300"]
[PlyCount "57"]
[EventDate "2007.04.07"]
[EventType "swiss"]
[EventRounds "9"]
[EventCountry "FRA"]
[SourceTitle "CBM 118 Extra"]
[Source "ChessBase"]
[SourceDate "2007.07.04"]
[SourceVersion "1"]
[SourceVersionDate "2007.07.04"]
[SourceQuality "1"]

1. e4 e5 2. Nf3 Nc6 3. d4 Nf6 4. dxe5 Nxe4 5. Bc4 Nc5 6. Be3 d6 7. exd6 Qxd6 8. Nc3 Qxd1+ 9. Rxd1 Bg4 10. Be2 Bd6 11. Nb5 0-0-0 12. Nxd6+ cxd6 13. 0-0 Na4 14. Bb5 Nb6 15. Bxb6 axb6 16. Rd3 Rhe8 17. Rc3 Kc7 18. Nd4 Bd7 19. b4 Re4 20. Rd1 Kb8 21. Bxc6 Bxc6 22. Rxc6 Rde8 23. f3 Re1+ 24. Rxe1 Rxe1+ 25. Kf2 bxc6 26. Kxe1 Kc7 27. Kd2 f6 28. Ne6+ Kd7 29. Nxg7 1-0